000 00431nam a2200145Ia 4500
008 210716s2006 xx 000 0 und d
020 _a8120328558
041 _aeng
082 _a160 CHAC
100 _aChakraborti, Chhanda.
245 _aLogic: informal symbolic and indictive.
_bInformal symbolic and indictive.
260 _aNew Delhi
_bPrentice Hall of India PVt Ltd
_c2006
300 _axx,552
650 _aLogic Programming
999 _c187530
_d187530